[Event "Paris-ch"]
[Site "Paris"]
[Date "2010.07.11"]
[Round "9"]
[White "Spielmann, Alain"]
[Black "Chomet, Pascal"]
[Result "1/2-1/2"]
[WhiteElo "2286"]
[BlackElo "2327"]
[PlyCount "26"]
[EventDate "2010.07.03"]
[EventType "swiss"]
[EventRounds "9"]
[EventCountry "FRA"]
[SourceTitle "CBM 137 Extra"]
[Source "ChessBase"]
[SourceDate "2010.09.01"]
[SourceVersion "1"]
[SourceVersionDate "2010.09.01"]
[SourceQuality "1"]

1. d4 g6 2. c4 Bg7 3. e4 d6 4. Nf3 Nd7 5. Be2 e5 6. Nc3 Ngf6 7. 0-0 0-0 8. Be3 Ng4 9. Bg5 f6 10. Bc1 Nh6 11. Be3 Ng4 12. Bc1 Nh6 13. Be3 Ng4 1/2-1/2

[Event "Paris-ch"]
[Site "Paris"]
[Date "2010.07.05"]
[Round "3"]
[White "D'Costa, Lorin AR"]
[Black "Chomet, Pascal"]
[Result "1-0"]
[WhiteElo "2456"]
[BlackElo "2327"]
[PlyCount "89"]
[EventDate "2010.07.03"]
[EventType "swiss"]
[EventRounds "9"]
[EventCountry "FRA"]
[SourceTitle "CBM 137 Extra"]
[Source "ChessBase"]
[SourceDate "2010.09.01"]
[SourceVersion "1"]
[SourceVersionDate "2010.09.01"]
[SourceQuality "1"]

1. d4 d6 2. Nf3 Nf6 3. c4 g6 4. Nc3 Bg7 5. e4 0-0 6. h3 e5 7. d5 a5 8. Bg5 Na6 9. Nd2 c6 10. Be2 h6 11. Be3 Nd7 12. g4 Ndc5 13. Rg1 Bd7 14. Rg3 a4 15. a3 Rb8 16. Kf1 cxd5 17. cxd5 b5 18. Kg2 Kh8 19. Qf1 Qe8 20. h4 Nc7 21. g5 h5 22. Qd1 f5 23. gxf6 Rxf6 24. Bg5 Rf4 25. Qc2 Rf8 26. Rg1 Qf7 27. Be3 Bf6 28. Nf3 Nb3 29. Qd1 Bg4 30. Kh2 b4 31. Nxa4 bxa3 32. bxa3 Bxf3 33. Bxf3 Rg8 34. Bxh5 gxh5 35. Rxg8+ Rxg8 36. Rxg8+ Kxg8 37. Qxb3 Bxh4 38. Kg2 Ne8 39. Nc3 Nf6 40. Qb8+ Ne8 41. a4 Be7 42. a5 Qg6+ 43. Kf1 Kf7 44. a6 Qg4 45. a7 1-0

[Event "Paris-ch"]
[Site "Paris"]
[Date "2010.07.04"]
[Round "2"]
[White "Chomet, Pascal"]
[Black "Zoler, Dan"]
[Result "1/2-1/2"]
[WhiteElo "2327"]
[BlackElo "2474"]
[PlyCount "120"]
[EventDate "2010.07.03"]
[EventType "swiss"]
[EventRounds "9"]
[EventCountry "FRA"]
[SourceTitle "CBM 137 Extra"]
[Source "ChessBase"]
[SourceDate "2010.09.01"]
[SourceVersion "1"]
[SourceVersionDate "2010.09.01"]
[SourceQuality "1"]

1. e4 c5 2. Nf3 d6 3. d4 cxd4 4. Nxd4 Nf6 5. Nc3 a6 6. f4 Nbd7 7. Nf3 e5 8. a4 Be7 9. Bd3 0-0 10. 0-0 b6 11. Kh1 Bb7 12. Qe2 Re8 13. fxe5 dxe5 14. Bc4 Rf8 15. Bd3 Ne8 16. Be3 Nd6 17. Nd2 Qc7 18. Nc4 Nc5 19. Bxc5 Qxc5 20. Nxd6 Bxd6 21. Bc4 Qc7 22. Nd5 Bxd5 23. Bxd5 Ra7 24. Rf3 Kh8 25. Raf1 f6 26. c3 Be7 27. Rd1 g6 28. Rfd3 b5 29. axb5 axb5 30. g4 b4 31. c4 Bc5 32. Rf1 Kg7 33. Rdf3 Qc8 34. h3 h6 35. Rg3 Ra2 36. Kg2 Qa6 37. Qc2 Rb8 38. Rb3 Rb6 39. h4 Qc8 40. Kg3 Qc7 41. h5 g5 42. Qd3 Rba6 43. Qf3 Qc8 44. Rd1 Ra1 45. Rbd3 Rxd1 46. Rxd1 Bd4 47. b3 Ba7 48. Rf1 Qc5 49. Kh3 Qe3 50. Qxe3 Bxe3 51. c5 Bxc5 52. Rc1 Ra5 53. Kg2 Kf8 54. Kf3 Ke7 55. Ke2 Ra2+ 56. Kd3 Kd6 57. Rf1 Ke7 58. Rc1 Kd6 59. Rf1 Ke7 60. Rc1 Kd6 1/2-1/2

[Event "FRA-chT1 0910"]
[Site "France"]
[Date "2009.10.04"]
[Round "1.2"]
[White "Chomet, Pascal"]
[Black "Lagarde, Maxime"]
[Result "1/2-1/2"]
[WhiteElo "2333"]
[BlackElo "2398"]
[PlyCount "34"]
[EventDate "2009.09.27"]
[EventType "team-tourn"]
[EventRounds "11"]
[EventCountry "FRA"]
[SourceTitle "EXT 2011"]
[Source "ChessBase"]
[SourceDate "2010.11.26"]
[SourceVersion "1"]
[SourceVersionDate "2010.11.26"]
[SourceQuality "1"]

1. g3 c5 2. Bg2 Nc6 3. c4 g6 4. Nc3 Bg7 5. Nf3 Nh6 6. h4 d6 7. h5 Bg4 8. d3 gxh5 9. Ng5 Qd7 10. Nge4 Ng8 11. Nd5 0-0-0 12. Bg5 h6 13. Bh4 Nd4 14. Nec3 Kb8 15. Rb1 Nf5 16. Ne4 Nxh4 17. Rxh4 e5 1/2-1/2

[Event "FRA-chT Top 16 Gp Basse"]
[Site "Evry"]
[Date "2008.06.01"]
[Round "11"]
[White "Buhmann, Rainer"]
[Black "Chomet, Pascal"]
[Result "0-1"]
[WhiteElo "2569"]
[BlackElo "2333"]
[PlyCount "92"]
[EventDate "2008.05.29"]
[EventType "team-tourn"]
[EventRounds "11"]
[EventCountry "FRA"]
[SourceTitle "CBM 124 Extra"]
[Source "ChessBase"]
[SourceDate "2008.07.03"]
[SourceVersion "1"]
[SourceVersionDate "2008.07.03"]
[SourceQuality "1"]

1. Nf3 g6 2. c4 Bg7 3. d4 d6 4. e4 e5 5. Bg5 Qd7 6. Nc3 f6 7. Be3 Na6 8. Be2 Nh6 9. 0-0 0-0 10. h3 Nf7 11. Rb1 c5 12. dxc5 dxc5 13. a3 Bh6 14. Nd5 Kg7 15. Bxh6+ Nxh6 16. b4 b6 17. Ne1 Qd6 18. Nd3 Rf7 19. Qd2 Bd7 20. f4 exf4 21. Rxf4 Ng8 22. Rbf1 Be6 23. Qb2 Bxd5 24. cxd5 Re8 25. Qc3 Rfe7 26. Qc4 b5 27. bxc5 Qxf4 28. Nxf4 bxc4 29. d6 Rd7 30. Bxc4 Nxc5 31. Bb5 Rxe4 32. Bxd7 Nxd7 33. Rc1 f5 34. Rc7 Ngf6 35. Nd5 Kf8 36. Rxa7 Rd4 37. Nc7 Rxd6 38. a4 Ne4 39. a5 Rd1+ 40. Kh2 Ke7 41. Ra8 Kd6 42. Rc8 Ra1 43. a6 Nb8 44. Nb5+ Ke5 45. Re8+ Kf4 46. Nc7 Nd2 0-1

[Event "FRA-chT Top 16 GpA"]
[Site "France"]
[Date "2008.04.10"]
[Round "4"]
[White "Sokolov, Andrei"]
[Black "Chomet, Pascal"]
[Result "1/2-1/2"]
[WhiteElo "2594"]
[BlackElo "2333"]
[PlyCount "61"]
[EventDate "2008.03.22"]
[EventType "team-tourn"]
[EventRounds "7"]
[EventCountry "FRA"]
[SourceTitle "CBM 123 Extra"]
[Source "ChessBase"]
[SourceDate "2008.05.06"]
[SourceVersion "1"]
[SourceVersionDate "2008.05.06"]
[SourceQuality "1"]

1. e4 c5 2. Nc3 d6 3. g3 g6 4. d3 Nc6 5. Bg2 Bg7 6. Be3 e5 7. h4 h5 8. Bh3 Bxh3 9. Nxh3 Qd7 10. Nd5 Nce7 11. c4 b5 12. b3 Rb8 13. Ng5 Nxd5 14. cxd5 Nf6 15. 0-0 0-0 16. Kg2 Nh7 17. f3 Nxg5 18. hxg5 f5 19. gxf6 Rxf6 20. Rf2 Rf7 21. Qh1 a5 22. Qh4 Bf6 23. Bg5 Qe7 24. Bxf6 Qxf6 25. Qxf6 Rxf6 26. f4 Re8 27. a4 b4 28. Raf1 Kg7 29. Rf3 Ref8 30. Kh2 g5 31. f5 1/2-1/2

[Event "FRA-ch Accession"]
[Site "Aix les Bains"]
[Date "2007.08.21"]
[Round "8"]
[White "Chomet, Pascal"]
[Black "Marie, Maxime"]
[Result "1-0"]
[WhiteElo "2353"]
[BlackElo "2226"]
[PlyCount "117"]
[EventDate "2007.08.13"]
[EventType "swiss"]
[EventRounds "11"]
[EventCountry "FRA"]
[SourceTitle "CBM 120 Extra"]
[Source "ChessBase"]
[SourceDate "2007.11.01"]
[SourceVersion "1"]
[SourceVersionDate "2007.11.01"]
[SourceQuality "1"]

1. e4 c5 2. Nf3 Nc6 3. Nc3 Nf6 4. Bb5 Qc7 5. 0-0 a6 6. Bxc6 dxc6 7. h3 e5 8. d3 Bd6 9. Bg5 Nd7 10. a4 Nf8 11. a5 Ne6 12. Bd2 Bd7 13. Na4 0-0-0 14. Rb1 Kb8 15. Nb6 f5 16. exf5 Nf4 17. Nc4 Bxf5 18. Re1 Ng6 19. Ng5 h6 20. Ne4 Be7 21. b4 cxb4 22. Bxb4 Nf4 23. Bc3 Rd5 24. Ng3 Bxd3 25. cxd3 Nxd3 26. Qe2 Rf8 27. Bxe5 Nxe5 28. Nxe5 Bc5 29. Nd3 Bxf2+ 30. Nxf2 Qxg3 31. Ne4 Qc7 32. Qc4 Rxa5 33. Nc5 Rb5 34. Qd4 Rd8 35. Qf2 Rd5 36. Re8+ Rd8 37. Rbe1 a5 38. Ne6 Rxe8 39. Nxc7 Rxe1+ 40. Qxe1 Kxc7 41. Qe7+ Kb6 42. Qxg7 h5 43. Qd4+ Ka6 44. Kf2 Rb4 45. Qd3+ b5 46. Qd7 Rc4 47. Qc8+ Kb6 48. Qd8+ Ka6 49. g4 hxg4 50. hxg4 a4 51. g5 Rc2+ 52. Kf3 Rc3+ 53. Ke4 Rc1 54. g6 Rg1 55. Qd6 Ka5 56. Qxc6 Re1+ 57. Kd3 Rg1 58. g7 Rg3+ 59. Kc2 1-0

[Event "Paris-ch int"]
[Site "Paris"]
[Date "2007.07.14"]
[Round "8"]
[White "Khairallah, Faisal"]
[Black "Chomet, Pascal"]
[Result "0-1"]
[WhiteElo "2323"]
[BlackElo "2353"]
[PlyCount "74"]
[EventDate "2007.07.07"]
[EventType "swiss"]
[EventRounds "9"]
[EventCountry "FRA"]
[SourceTitle "CBM 119 Extra"]
[Source "ChessBase"]
[SourceDate "2007.09.04"]
[SourceVersion "1"]
[SourceVersionDate "2007.09.04"]
[SourceQuality "1"]

1. d4 d6 2. c4 g6 3. Nc3 Bg7 4. e4 e5 5. Nge2 Nf6 6. f3 0-0 7. Be3 Nbd7 8. Qd2 c6 9. 0-0-0 Qa5 10. Kb1 a6 11. Nc1 b5 12. Nb3 Qc7 13. dxe5 dxe5 14. Qd6 Qxd6 15. Rxd6 b4 16. Na4 Ne8 17. Rd2 a5 18. Be2 f5 19. Rhd1 Nef6 20. exf5 gxf5 21. Rd6 f4 22. Bg1 e4 23. Rxc6 e3 24. g4 Ne5 25. Rb6 Nfxg4 26. Nd4 Nh6 27. Nc5 Nf5 28. Nde6 Nh4 29. Nxf8 Bf5+ 30. Kc1 Rxf8 31. Ne6 Bxe6 32. Rxe6 Nhxf3 33. Re7 Nh4 34. Bh5 Nf5 35. Ra7 f3 36. Kc2 f2 37. h3 Nd4+ 0-1

[Event "Paris-ch int"]
[Site "Paris"]
[Date "2007.07.12"]
[Round "6"]
[White "Moradiabadi, Elshan"]
[Black "Chomet, Pascal"]
[Result "1-0"]
[WhiteElo "2540"]
[BlackElo "2353"]
[PlyCount "81"]
[EventDate "2007.07.07"]
[EventType "swiss"]
[EventRounds "9"]
[EventCountry "FRA"]
[SourceTitle "CBM 119 Extra"]
[Source "ChessBase"]
[SourceDate "2007.09.04"]
[SourceVersion "1"]
[SourceVersionDate "2007.09.04"]
[SourceQuality "1"]

1. d4 d6 2. Nf3 g6 3. g3 Bg7 4. Bg2 Nc6 5. 0-0 Bg4 6. d5 Nb8 7. c4 Qc8 8. Nc3 Bh3 9. Qa4+ Kf8 10. Qc2 Bxg2 11. Kxg2 Nd7 12. b3 h5 13. h4 Ngf6 14. Bb2 Ng4 15. Rae1 Kg8 16. e4 a5 17. a3 c6 18. Ng5 Bf6 19. Nh3 Kg7 20. f3 Nh6 21. Nf2 Ne5 22. Nd3 Nxd3 23. Qxd3 Kh7 24. f4 Bg7 25. Qd2 Re8 26. f5 Rf8 27. Nd1 Bxb2 28. Nxb2 b5 29. fxg6+ fxg6 30. Rxf8 Qxf8 31. dxc6 bxc4 32. Nxc4 Ra6 33. Nxa5 Qa8 34. b4 Rxa5 35. bxa5 Qxc6 36. Re2 Qa4 37. Qc3 Qd1 38. Rf2 Qg4 39. Qd3 Qe6 40. Qd5 Qc8 41. a4 1-0

[Event "Paris-ch int"]
[Site "Paris"]
[Date "2007.07.11"]
[Round "5"]
[White "Chomet, Pascal"]
[Black "Spielmann, Alain"]
[Result "1/2-1/2"]
[WhiteElo "2353"]
[BlackElo "2239"]
[PlyCount "90"]
[EventDate "2007.07.07"]
[EventType "swiss"]
[EventRounds "9"]
[EventCountry "FRA"]
[SourceTitle "CBM 119 Extra"]
[Source "ChessBase"]
[SourceDate "2007.09.04"]
[SourceVersion "1"]
[SourceVersionDate "2007.09.04"]
[SourceQuality "1"]

1. g3 f5 2. Bg2 Nf6 3. d3 d5 4. Nd2 e5 5. e4 Bc5 6. exd5 0-0 7. Nb3 Bb6 8. d4 exd4 9. Ne2 Nxd5 10. c4 Nb4 11. a3 N4a6 12. Nbxd4 c5 13. Bd5+ Kh8 14. Nb5 Nc6 15. 0-0 Nc7 16. Nxc7 Bxc7 17. Be3 Bd6 18. Qc2 Qf6 19. Rad1 Be7 20. Rfe1 Bd7 21. Bg2 Rad8 22. Nf4 Qf7 23. h4 Bc8 24. Nd5 Bd6 25. b4 cxb4 26. c5 Bb8 27. axb4 Be6 28. b5 Bxd5 29. Bxd5 Rxd5 30. Rxd5 Qxd5 31. bxc6 Qxc6 32. Qc4 h6 33. Bd4 Kh7 34. Re7 Rg8 35. Qf7 Qg6 36. Qxg6+ Kxg6 37. Rxb7 Kh5 38. Kg2 g5 39. hxg5 hxg5 40. Rf7 f4 41. gxf4 gxf4+ 42. Kf3 Re8 43. c6 Rc8 44. Rf6 Kg5 45. Ke4 Re8+ 1/2-1/2

[Event "Paris-ch int"]
[Site "Paris"]
[Date "2007.07.09"]
[Round "3"]
[White "Chomet, Pascal"]
[Black "Guilleux, Fabien"]
[Result "1/2-1/2"]
[WhiteElo "2353"]
[BlackElo "2203"]
[PlyCount "97"]
[EventDate "2007.07.07"]
[EventType "swiss"]
[EventRounds "9"]
[EventCountry "FRA"]
[SourceTitle "CBM 119 Extra"]
[Source "ChessBase"]
[SourceDate "2007.09.04"]
[SourceVersion "1"]
[SourceVersionDate "2007.09.04"]
[SourceQuality "1"]

1. e4 c5 2. Nf3 d6 3. d4 cxd4 4. Nxd4 Nf6 5. Nc3 a6 6. f4 e6 7. Qf3 Qc7 8. g4 Nc6 9. Nxc6 Qxc6 10. g5 Nd7 11. Bd3 b5 12. 0-0 Bb7 13. f5 0-0-0 14. fxe6 fxe6 15. Qh3 Nc5 16. a3 h6 17. Be3 Be7 18. Nd5 Rd7 19. Nc3 Bd8 20. b4 Na4 21. Nxa4 bxa4 22. Rab1 Qc3 23. Qxe6 Bxg5 24. Bxg5 hxg5 25. Rf7 Qd4+ 26. Kg2 Bc6 27. Rxd7 Bxd7 28. Qc4+ Qxc4 29. Bxc4 Bb5 30. Bd5 Rf8 31. c4 Bd7 32. Rb2 Rf6 33. Rf2 Kc7 34. Kg3 Kb6 35. Rxf6 gxf6 36. h4 gxh4+ 37. Kxh4 Be8 38. Kg4 Bg6 39. Kf4 a5 40. b5 Kc5 41. Be6 Kb6 42. Ke3 Kc5 43. Kd3 Bh5 44. Kc3 Bg6 45. Kd3 Bh5 46. Ke3 Bg6 47. Bg4 Bf7 48. Be2 Be6 49. Bd3 1/2-1/2

[Event "Saint Affrique op 15th"]
[Site "Saint Affrique"]
[Date "2007.??.??"]
[Round "8"]
[White "Chomet, Pascal"]
[Black "Saada, Julien"]
[Result "0-1"]
[WhiteElo "2353"]
[BlackElo "2221"]
[PlyCount "142"]
[EventDate "2007.07.21"]
[EventType "swiss"]
[EventRounds "9"]
[EventCountry "FRA"]
[SourceTitle "CBM 119 Extra"]
[Source "ChessBase"]
[SourceDate "2007.09.04"]
[SourceVersion "1"]
[SourceVersionDate "2007.09.04"]
[SourceQuality "1"]

1. g3 d5 2. Bg2 Nf6 3. d3 e5 4. Nf3 Nc6 5. 0-0 Be7 6. Nbd2 0-0 7. e4 dxe4 8. dxe4 Bg4 9. h3 Bxf3 10. Qxf3 Nd7 11. c3 Nc5 12. Rd1 Qd3 13. Qxd3 Nxd3 14. Nc4 Rad8 15. b4 Nxc1 16. Raxc1 Bg5 17. Ra1 b5 18. Na3 a6 19. Rd5 Bd2 20. Nb1 Bc1 21. a4 Ne7 22. Rxd8 Rxd8 23. axb5 axb5 24. Ra7 Kf8 25. Kf1 c6 26. Ke2 Ke8 27. h4 g6 28. Bh3 f5 29. exf5 gxf5 30. h5 h6 31. Bg2 Rd6 32. Ra2 Bg5 33. Ra7 Kf7 34. Ra6 Ke6 35. Ra2 Ng8 36. Ke1 Nf6 37. Bf3 e4 38. Bd1 Rd8 39. Ra6 Rd6 40. Ra2 f4 41. gxf4 Bxf4 42. Be2 Kf5 43. Ra5 Be5 44. Kf1 Nd5 45. Ra3 Rf6 46. Rb3 Nf4 47. Na3 Rd6 48. Nb1 Nxe2 49. Kxe2 Rd3 50. Ra3 Ke6 51. Ra2 Bxc3 52. Rc2 Bxb4 53. Rxc6+ Rd6 54. Rc1 Ke5 55. Rg1 Rc6 56. Kd1 Rf6 57. Ke2 Bc5 58. Rg2 Rf5 59. Nd2 b4 60. Rh2 Kd5 61. Nb3 Bb6 62. Nd2 Bd4 63. Nb3 Rf4 64. Nd2 Bc3 65. Nb3 Bf6 66. Rh1 Bh4 67. Rh2 Kc4 68. Nd2+ Kd4 69. Nb3+ Kc3 70. Ke3 Bg5 71. Nc5 Rh4+ 0-1

[Event "FRA-chT1A 0607"]
[Site "France"]
[Date "2006.12.06"]
[Round "4.2"]
[White "Carlier, Bruno"]
[Black "Chomet, Pascal"]
[Result "1/2-1/2"]
[WhiteElo "2437"]
[BlackElo "2356"]
[PlyCount "34"]
[EventDate "2006.10.15"]
[EventType "team-tourn"]
[EventRounds "11"]
[EventCountry "FRA"]
[SourceTitle "EXT 2008"]
[Source "ChessBase"]
[SourceDate "2007.11.25"]
[SourceVersion "1"]
[SourceVersionDate "2007.11.25"]
[SourceQuality "1"]
[WhiteTeam "Cappelle la Grande"]
[BlackTeam "Bois Colombes"]
[WhiteTeamCountry "FRA"]
[BlackTeamCountry "FRA"]

1. Nf3 d6 2. d4 g6 3. g3 Bg7 4. Bg2 Nc6 5. 0-0 Bg4 6. c3 Qd7 7. Qb3 Nd8 8. e4 Nh6 9. Re1 e5 10. dxe5 dxe5 11. Na3 f6 12. Be3 Be6 13. Qb5 c6 14. Qe2 Ng4 15. Red1 Qf7 16. Bf1 Bf8 17. b4 h5 1/2-1/2

[Event "FRA-chT1A 0607"]
[Site "France"]
[Date "2006.11.25"]
[Round "2.5"]
[White "Chomet, Pascal"]
[Black "Delorme, Alban"]
[Result "1/2-1/2"]
[WhiteElo "2356"]
[BlackElo "2243"]
[PlyCount "37"]
[EventDate "2006.10.15"]
[EventType "team-tourn"]
[EventRounds "11"]
[EventCountry "FRA"]
[SourceTitle "EXT 2008"]
[Source "ChessBase"]
[SourceDate "2007.11.25"]
[SourceVersion "1"]
[SourceVersionDate "2007.11.25"]
[SourceQuality "1"]
[WhiteTeam "Bois Colombes"]
[BlackTeam "Nantes"]
[WhiteTeamCountry "FRA"]
[BlackTeamCountry "FRA"]

1. e4 c5 2. Nf3 Nc6 3. Nc3 e6 4. d4 cxd4 5. Nxd4 Nf6 6. g3 Bb4 7. Bg2 d5 8. exd5 Nxd5 9. Nxc6 bxc6 10. 0-0 Ba6 11. Re1 0-0 12. Bd2 Bxc3 13. Bxc3 Nxc3 14. bxc3 Qa5 15. Qd4 Rfd8 16. Re5 Qc7 17. Qe3 Rd6 18. h4 Rad8 19. Rc5 1/2-1/2

[Event "FRA-ch Accession"]
[Site "Besancon"]
[Date "2006.08.22"]
[Round "7"]
[White "Benitah, Yohan"]
[Black "Chomet, Pascal"]
[Result "1-0"]
[WhiteElo "2406"]
[BlackElo "2350"]
[PlyCount "71"]
[EventDate "2006.08.15"]
[EventType "swiss"]
[EventRounds "10"]
[EventCountry "FRA"]
[SourceTitle "CBM 113 Extra"]
[Source "ChessBase"]
[SourceDate "2006.09.14"]
[SourceVersion "1"]
[SourceVersionDate "2006.09.14"]
[SourceQuality "1"]

1. d4 d6 2. e4 Nf6 3. f3 d5 4. e5 Nfd7 5. f4 c5 6. c3 Nc6 7. Nf3 e6 8. Nbd2 Qb6 9. Nb3 a5 10. a4 f6 11. Bb5 c4 12. Nbd2 Na7 13. exf6 Nxb5 14. fxg7 Bxg7 15. axb5 0-0 16. Qe2 Qxb5 17. 0-0 Rxf4 18. Qxe6+ Kh8 19. Ng5 Ne5 20. Qd6 Rxf1+ 21. Nxf1 Ng6 22. Qd8+ Nf8 23. Ne3 Qd7 24. Qxd7 Bxd7 25. Nxd5 b5 26. Nf7+ Kg8 27. Nd6 Ne6 28. Be3 Ra6 29. Nf5 h5 30. Rf1 a4 31. Nde7+ Kh7 32. d5 Nc7 33. Nxg7 Kxg7 34. Bd4+ Kh6 35. Rf7 Be8 36. Be3# 1-0

[Event "FRA-ch Accession"]
[Site "Besancon"]
[Date "2006.08.17"]
[Round "3"]
[White "Chomet, Pascal"]
[Black "Jolly, Jean Francois"]
[Result "1-0"]
[WhiteElo "2350"]
[BlackElo "2266"]
[PlyCount "69"]
[EventDate "2006.08.15"]
[EventType "swiss"]
[EventRounds "10"]
[EventCountry "FRA"]
[SourceTitle "CBM 113 Extra"]
[Source "ChessBase"]
[SourceDate "2006.09.14"]
[SourceVersion "1"]
[SourceVersionDate "2006.09.14"]
[SourceQuality "1"]

1. e4 c5 2. Nf3 Nc6 3. Nc3 e6 4. d4 cxd4 5. Nxd4 Qc7 6. g3 a6 7. Bg2 Bc5 8. Nb3 Be7 9. 0-0 Nf6 10. a4 0-0 11. h3 d5 12. exd5 exd5 13. Bf4 Qd8 14. g4 Be6 15. Nd4 Nxd4 16. Qxd4 Rc8 17. Rad1 Qa5 18. Be5 Rfd8 19. Qe3 Bxg4 20. hxg4 Nxg4 21. Qg3 Nxe5 22. Qxe5 Bf6 23. Qf5 Bxc3 24. Rxd5 Qxa4 25. bxc3 g6 26. Rxd8+ Rxd8 27. Qf6 Rb8 28. Re1 b5 29. Kh2 Qc4 30. Re4 Qc7+ 31. Kg1 a5 32. Bf1 Qd7 33. Rd4 Qe8 34. c4 b4 35. c5 1-0

[Event "Saint Affrique op 14th"]
[Site "Saint Affrique"]
[Date "2006.??.??"]
[Round "6"]
[White "Chomet, Pascal"]
[Black "Degraeve, Jean Marc"]
[Result "0-1"]
[WhiteElo "2350"]
[BlackElo "2540"]
[PlyCount "88"]
[EventDate "2006.07.21"]
[EventType "swiss"]
[EventRounds "9"]
[EventCountry "FRA"]
[SourceTitle "CBM 113 Extra"]
[Source "ChessBase"]
[SourceDate "2006.09.14"]
[SourceVersion "1"]
[SourceVersionDate "2006.09.14"]
[SourceQuality "1"]

1. g3 e5 2. c4 Nf6 3. Bg2 c6 4. Nf3 e4 5. Nd4 d5 6. cxd5 Qxd5 7. Nb3 Qh5 8. h3 Na6 9. Nc3 Qg6 10. d3 exd3 11. 0-0 Bb4 12. Qxd3 Qxd3 13. exd3 Nc5 14. Nxc5 Bxc5 15. Bg5 Be6 16. Bxf6 gxf6 17. Ne4 Be7 18. d4 0-0-0 19. Rfd1 Rd7 20. Nc5 Bxc5 21. dxc5 Rhd8 22. Re1 Rd2 23. b3 Rc2 24. Rec1 Rxc1+ 25. Rxc1 Rd2 26. Ra1 Rc2 27. Be4 Rxc5 28. Bxh7 Bxh3 29. Rd1 Be6 30. Rd4 Rc1+ 31. Kh2 Ra1 32. Rf4 Bd5 33. Be4 Bxe4 34. Rxe4 Rxa2 35. Rf4 Kd7 36. Rxf6 Ke7 37. Rf3 a5 38. g4 b5 39. Kg3 b4 40. Kf4 c5 41. Ke5 c4 42. bxc4 a4 43. Kd5 b3 44. c5 b2 0-1

[Event "Bois Colombes"]
[Site "Bois Colombes"]
[Date "2005.12.30"]
[Round "9"]
[White "Chomet, Pascal"]
[Black "Drazic, Sinisa"]
[Result "1/2-1/2"]
[WhiteElo "2330"]
[BlackElo "2523"]
[PlyCount "31"]
[EventDate "2005.12.19"]
[EventType "tourn"]
[EventRounds "9"]
[EventCountry "FRA"]
[EventCategory "9"]
[SourceTitle "CBM 110 Extra"]
[Source "ChessBase"]
[SourceDate "2006.03.10"]
[SourceVersion "2"]
[SourceVersionDate "2006.03.10"]
[SourceQuality "1"]

1. e4 c6 2. Nc3 d5 3. Nf3 dxe4 4. Nxe4 Nf6 5. Ng3 e6 6. d4 c5 7. Bd3 Nc6 8. dxc5 Bxc5 9. 0-0 0-0 10. a3 a5 11. Qe2 Re8 12. Bg5 Be7 13. Rad1 Qc7 14. Rfe1 a4 15. Bb5 Bd7 16. Qc4 1/2-1/2

[Event "Corsica Masters op"]
[Site "Bastia"]
[Date "2005.11.02"]
[Round "7"]
[White "Chomet, Pascal"]
[Black "Markowski, Tomasz"]
[Result "1/2-1/2"]
[WhiteElo "2330"]
[BlackElo "2582"]
[PlyCount "47"]
[EventDate "2005.10.30"]
[EventType "swiss (rapid)"]
[EventRounds "7"]
[EventCountry "FRA"]
[SourceTitle "EXT 2006"]
[Source "ChessBase"]
[SourceDate "2005.11.24"]
[SourceVersion "1"]
[SourceVersionDate "2005.11.24"]
[SourceQuality "1"]

1. e4 d6 2. d4 Nf6 3. Nc3 g6 4. f4 Bg7 5. Nf3 0-0 6. Bd3 Na6 7. 0-0 c5 8. d5 Rb8 9. a4 Nc7 10. Kh1 Bg4 11. h3 Bxf3 12. Qxf3 a6 13. a5 e6 14. Bc4 exd5 15. Nxd5 Ncxd5 16. Bxd5 Nxd5 17. exd5 b5 18. axb6 Rxb6 19. f5 Qf6 20. Qd3 Qd4 21. Qf3 Qf6 22. Qd3 Qd4 23. Qf3 Qf6 24. Qd3 1/2-1/2